[Event "SR 1. liga zapad 2015/2016"]
[Site "?"]
[Date "2016.02.21"]
[Round "9.1"]
[White "Meszaros, Michal"]
[Black "Petenyi, Tamas"]
[Result "1/2-1/2"]
[WhiteElo "2378"]
[BlackElo "2452"]
[PlyCount "25"]
[EventDate "2015.??.??"]

1. e4 g6 2. d4 Bg7 3. Nc3 d6 4. Be3 Nc6 5. h3 e5 6. Nf3 exd4 7. Nxd4 Nf6 8. g3
O-O 9. Bg2 Bd7 10. O-O Re8 11. Nde2 b5 12. Nxb5 Nxe4 13. Nbd4 1/2-1/2

[Event "SR 1. liga zapad 2015/2016"]
[Site "?"]
[Date "2016.02.21"]
[Round "9.1"]
[White "Vass, Frantisek Ml"]
[Black "Gasa, Andrej"]
[Result "1-0"]
[WhiteElo "2307"]
[BlackElo "2299"]
[PlyCount "99"]
[EventDate "2015.??.??"]

1. d4 e6 2. g3 Nf6 3. Bg2 c5 4. c3 d5 5. Nf3 Be7 6. O-O O-O 7. Nbd2 Nc6 8. a3
a5 9. b3 Qc7 10. Bb2 e5 11. dxe5 Nxe5 12. c4 Nxf3+ 13. Nxf3 d4 14. Qd3 Be6 15.
e3 dxe3 16. Ng5 Qd7 17. Qxe3 Bg4 18. f3 Bf5 19. Rad1 Qc7 20. Rfe1 Bd6 21. Bxf6
gxf6 22. Ne4 Bxe4 23. Qxe4 Be5 24. Bf1 Bd4+ 25. Kg2 Rfe8 26. Qh4 Re5 27. Bd3 h5
28. Rxe5 Qxe5 29. f4 Qe3 30. Qxh5 f5 31. Qxf5 Re8 32. Qg4+ Kf8 33. Qf3 Qe7 34.
Rd2 Qe1 35. Re2 Rxe2+ 36. Bxe2 b6 37. g4 Qg1+ 38. Kh3 Qb1 39. g5 Qf5+ 40. Kg3
Qc2 41. f5 Be5+ 42. Kg4 f6 43. h4 Qd2 44. Kh5 Qd7 45. Qa8+ Kg7 46. Qe4 Bd4 47.
Bf3 Be5 48. g6 Qc7 49. Qe3 Bf4 50. Qe6 1-0

[Event "SR 1. liga zapad 2015/2016"]
[Site "?"]
[Date "2016.02.21"]
[Round "9.1"]
[White "Rohacek, Miroslav"]
[Black "Maros, Milan"]
[Result "1/2-1/2"]
[WhiteElo "2306"]
[BlackElo "2325"]
[PlyCount "130"]
[EventDate "2015.??.??"]

1. c4 c6 2. Nf3 d5 3. g3 Nf6 4. Bg2 dxc4 5. a4 Nbd7 6. Na3 e5 7. Nxc4 e4 8. Ng5
Qe7 9. Qc2 Nc5 10. O-O h6 11. b4 hxg5 12. bxc5 Qxc5 13. Ba3 Qd5 14. d3 Bxa3 15.
dxe4 Qc5 16. Rxa3 O-O 17. Rc3 Qe7 18. f4 Rd8 19. a5 Be6 20. Ne5 Nd7 21. Nd3
gxf4 22. gxf4 f6 23. a6 bxa6 24. Rxc6 Nb6 25. f5 Bd7 26. Rc7 Rac8 27. Qa2+ Qf7
28. Qxf7+ Kxf7 29. Rfc1 Kf8 30. Nf4 Rxc7 31. Rxc7 Bc8 32. Ng6+ Kg8 33. Ne7+ Kf8
34. Rxa7 Nc4 35. Bf3 Ne5 36. Kf2 Bd7 37. Nd5 Bb5 38. Bh5 Bc4 39. Nc7 Nc6 40.
Rb7 Rb8 41. Rxb8+ Nxb8 42. Be8 Ke7 43. Ba4 Bf7 44. Na8 a5 45. e5 fxe5 46. h4
Nd7 47. Nc7 Nb6 48. Bc2 Kd6 49. Nb5+ Kc5 50. Nc3 Kb4 51. Ne4 a4 52. Bxa4 Kxa4
53. f6 gxf6 54. Nxf6 Kb4 55. h5 Nd5 56. Ng4 e4 57. h6 Bg6 58. Ne5 Bf5 59. Nf7
Nf6 60. Ke3 Bg6 61. Ne5 Bh7 62. Kd4 Kb3 63. Nf7 Kc2 64. Ng5 Bg6 65. h7 Nxh7
1/2-1/2

[Event "SR 1. liga zapad 2015/2016"]
[Site "?"]
[Date "2016.02.21"]
[Round "9.1"]
[White "Ondrus, Martin"]
[Black "Cajka, Tibor"]
[Result "1-0"]
[WhiteElo "2296"]
[BlackElo "2121"]
[PlyCount "55"]
[EventDate "2015.??.??"]

1. e4 c6 2. d4 g6 3. Nc3 d5 4. Be3 Bg7 5. Qd2 Nf6 6. e5 Ng4 7. Bf4 h5 8. Nf3 a6
9. Bd3 Nh6 10. h3 Be6 11. Ng5 Bf5 12. e6 f6 13. Bxf5 Nxf5 14. Nf7 Qc8 15. O-O-O
O-O 16. Rhe1 b5 17. Qd3 Rxf7 18. exf7+ Kxf7 19. g4 hxg4 20. hxg4 Nh4 21. Qe2
Ra7 22. Bxb8 Qxb8 23. Qe6+ Kf8 24. Qxc6 Qf4+ 25. Kb1 Nf3 26. Qc8+ Kf7 27. Qe6+
Kf8 28. Nxd5 1-0

[Event "SR 1. liga zapad 2015/2016"]
[Site "?"]
[Date "2016.02.21"]
[Round "9.1"]
[White "Karas, Marek"]
[Black "Debnar, Lubos"]
[Result "1/2-1/2"]
[WhiteElo "2247"]
[BlackElo "2307"]
[PlyCount "79"]
[EventDate "2015.??.??"]

1. d4 Nf6 2. c4 e6 3. Nc3 Bb4 4. Qc2 d5 5. cxd5 exd5 6. Nf3 O-O 7. Bg5 c6 8. e3
Nbd7 9. Bd3 Be7 10. O-O Re8 11. Rab1 a5 12. a3 Nf8 13. b4 axb4 14. axb4 b5 15.
Ne5 Bb7 16. Ne2 Ra6 17. Qb2 Qb6 18. Bc2 h6 19. Bxf6 Bxf6 20. Nd3 Nd7 21. Nec1
Qc7 22. Nb3 Nb6 23. Ndc5 Ra7 24. Ra1 Nc4 25. Qc3 Rea8 26. Rxa7 Rxa7 27. Ra1 Bc8
28. Rxa7 Qxa7 29. Qa1 Qxa1+ 30. Nxa1 Kf8 31. Kf1 Ke7 32. Ke2 Kd6 33. Nab3 Bd8
34. Nd2 Nxd2 35. Kxd2 h5 36. Nd3 Bf6 37. Nf4 g6 38. Ne2 Be7 39. Kc3 Bh4 40. Ng3
1/2-1/2

[Event "SR 1. liga zapad 2015/2016"]
[Site "?"]
[Date "2016.02.21"]
[Round "9.1"]
[White "Kalisky, Vladimir"]
[Black "Jablonicky, Martin"]
[Result "0-1"]
[WhiteElo "2235"]
[BlackElo "2230"]
[PlyCount "50"]
[EventDate "2015.??.??"]

1. e4 Nc6 2. d4 d5 3. Nc3 dxe4 4. d5 Ne5 5. Qd4 Ng6 6. Be3 e5 7. dxe6 Bxe6 8.
Qa4+ c6 9. Rd1 Qc7 10. Nb5 cxb5 11. Bxb5+ Ke7 12. Qb4+ Kf6 13. Qd4+ Qe5 14. Qa4
Bc5 15. Ne2 Ke7 16. Nd4 Nf6 17. Bc6 Nh4 18. Rg1 Nf5 19. Bxb7 Nxd4 20. Bxa8 Nf5
21. Bxc5+ Qxc5 22. Bxe4 Bd7 23. Rxd7+ Nxd7 24. Bxf5 Qxf5 25. Qxa7 Rc8 0-1

[Event "SR 1. liga zapad 2015/2016"]
[Site "?"]
[Date "2016.02.21"]
[Round "9.1"]
[White "Bury, Rastislav"]
[Black "Skreno, Vladimir"]
[Result "1/2-1/2"]
[WhiteElo "2152"]
[BlackElo "2233"]
[PlyCount "65"]
[EventDate "2015.??.??"]

1. d4 Nf6 2. Nf3 g6 3. g3 Bg7 4. Bg2 d5 5. O-O O-O 6. c4 c6 7. cxd5 cxd5 8. Nc3
Nc6 9. Ne5 e6 10. Nxc6 bxc6 11. Na4 Nd7 12. Be3 Qa5 13. Qc2 Ba6 14. Rfe1 Rfc8
15. Rac1 Bb5 16. Nc3 Qb6 17. Nxb5 Qxb5 18. Red1 Rab8 19. b3 Bf8 20. Qd3 Ba3 21.
Rc2 a5 22. Bf4 Ra8 23. Bc1 Bf8 24. a4 Qb6 25. Bf4 Ba3 26. e4 Nf6 27. Rb1 Qb7
28. Bg5 Nd7 29. Bc1 Bf8 30. Bd2 Ba3 31. Bc1 Bd6 32. Bd2 Ba3 33. Bc1 1/2-1/2

[Event "SR 1. liga zapad 2015/2016"]
[Site "?"]
[Date "2016.02.21"]
[Round "9.2"]
[White "Lanc, Alois"]
[Black "Chovan, Milan Ml"]
[Result "1-0"]
[WhiteElo "2327"]
[BlackElo "2274"]
[PlyCount "81"]
[EventDate "2015.??.??"]

1. e4 c5 2. Nf3 d6 3. d4 cxd4 4. Nxd4 Nf6 5. Nc3 a6 6. Bc4 e6 7. Bb3 Nbd7 8. f4
Nc5 9. e5 Nfd7 10. exd6 Nf6 11. Be3 Bxd6 12. Qf3 Qc7 13. O-O-O Nxb3+ 14. axb3
Bb4 15. Rd3 O-O 16. g4 Qa5 17. Kb1 e5 18. fxe5 Nd7 19. Qg3 Nc5 20. Rhd1 Nxd3
21. Rxd3 Re8 22. Bf4 Be6 23. Ne4 Bd5 24. Ng5 h6 25. Ngf3 Be4 26. Re3 Bg6 27. h4
Bc5 28. h5 Bh7 29. g5 hxg5 30. Bxg5 Kh8 31. h6 Bf8 32. hxg7+ Bxg7 33. Re2 Qd5
34. Qh4 Kg8 35. Bf6 Re6 36. Ng5 Bg6 37. Ngxe6 fxe6 38. Bxg7 Rd8 39. Bf6 Qxd4
40. Qh8+ Kf7 41. Qg7+ 1-0

[Event "SR 1. liga zapad 2015/2016"]
[Site "?"]
[Date "2016.02.21"]
[Round "9.2"]
[White "Martiska, Peter"]
[Black "Liptak, Tomas"]
[Result "1/2-1/2"]
[WhiteElo "2235"]
[BlackElo "2222"]
[PlyCount "56"]
[EventDate "2015.??.??"]

1. e4 c5 2. Nf3 d6 3. d4 cxd4 4. Nxd4 Nf6 5. Nc3 a6 6. f3 e5 7. Nb3 Be6 8. Be3
h5 9. Qd2 Nbd7 10. O-O-O Rc8 11. Nd5 Bxd5 12. exd5 Nb6 13. Bxb6 Qxb6 14. Kb1 g6
15. Qa5 Qc7 16. Qxc7 Rxc7 17. c4 Bh6 18. Bd3 Nd7 19. Rhe1 h4 20. h3 Kf8 21. Na5
Kg7 22. b4 Rb8 23. a3 Bg5 24. Kb2 Rcc8 25. Ka2 f5 26. Re2 Bd8 27. Nb3 Bb6 28.
Rc2 Rc7 1/2-1/2

[Event "SR 1. liga zapad 2015/2016"]
[Site "?"]
[Date "2016.02.21"]
[Round "9.2"]
[White "Bango, Lukas"]
[Black "Jancovic, Peter"]
[Result "0-1"]
[WhiteElo "2111"]
[BlackElo "2191"]
[PlyCount "62"]
[EventDate "2015.??.??"]

1. e4 c5 2. c3 Nf6 3. e5 Nd5 4. d4 e6 5. Nf3 Nc6 6. c4 Ndb4 7. d5 exd5 8. cxd5
Nd4 9. Nxd4 cxd4 10. Bc4 Qc7 11. Na3 Qxe5+ 12. Qe2 Qxe2+ 13. Kxe2 a6 14. Bf4
Bc5 15. Kd2 O-O 16. Rac1 d6 17. Nc2 b5 18. Bb3 Bf5 19. Nxb4 Bxb4+ 20. Kd1 Bc5
21. a3 a5 22. f3 a4 23. Bc2 d3 24. Bb1 Rfe8 25. g4 Bg6 26. h4 h5 27. Rh2 hxg4
28. fxg4 Re4 29. Bd2 Rxg4 30. h5 Rg1+ 31. Be1 Re8 0-1

[Event "SR 1. liga zapad 2015/2016"]
[Site "?"]
[Date "2016.02.21"]
[Round "9.2"]
[White "Briestenska, Andrea"]
[Black "Puskar, Peter"]
[Result "0-1"]
[WhiteElo "1984"]
[BlackElo "2221"]
[PlyCount "74"]
[EventDate "2015.??.??"]

1. f4 d5 2. Nf3 g6 3. e3 Bg7 4. d4 Nf6 5. c4 e6 6. Nc3 O-O 7. c5 b6 8. b4 a5 9.
Ba3 axb4 10. Bxb4 Nc6 11. Qb3 Ba6 12. cxb6 Nxb4 13. Qxb4 Bxf1 14. Rxf1 cxb6 15.
Ne5 Nd7 16. Nxd7 Qxd7 17. Kf2 Rfc8 18. Rab1 Bf8 19. Qb2 Rc4 20. a3 Qe7 21. Ne2
Ra6 22. Qb5 Rca4 23. Rb3 Qa7 24. Rfb1 Kg7 25. Kf3 Rxa3 26. Qc6 Rxb3 27. Rxb3
Be7 28. Nc3 Bd8 29. Nb5 Qe7 30. g3 Ra2 31. h3 g5 32. Nd6 h5 33. Nc8 Qf6 34. Nd6
g4+ 35. hxg4 hxg4+ 36. Kxg4 Qg6+ 37. Kf3 Qh5+ 0-1

[Event "SR 1. liga zapad 2015/2016"]
[Site "?"]
[Date "2016.02.21"]
[Round "9.2"]
[White "Lukac, Roman"]
[Black "Odler, Daniel"]
[Result "1/2-1/2"]
[WhiteElo "2068"]
[BlackElo "2078"]
[PlyCount "102"]
[EventDate "2015.??.??"]

1. e4 c5 2. Nf3 e6 3. Nc3 Nc6 4. d4 cxd4 5. Nxd4 Nf6 6. Be3 Bb4 7. f3 d5 8.
Nxc6 bxc6 9. e5 Nd7 10. f4 Qa5 11. Bd2 Qb6 12. Qf3 O-O 13. a3 Be7 14. Na4 Qc7
15. Bd3 c5 16. c4 Bb7 17. Qh3 g6 18. O-O d4 19. b3 Rab8 20. Bc2 Rfd8 21. Nb2
Nf8 22. Rae1 Rd7 23. Nd3 Bc6 24. Nf2 Qb7 25. Rb1 Qa6 26. a4 Qb7 27. Bd3 Qc7 28.
Ng4 Qd8 29. Nh6+ Kg7 30. g4 f6 31. exf6+ Bxf6 32. g5 Be7 33. Ng4 Rdb7 34. Ne5
Be8 35. Be4 Rb6 36. Ba5 Qd6 37. Bxb6 Rxb6 38. Qg3 Nd7 39. Nd3 Qb8 40. Nf2 Bd6
41. Ng4 Nf8 42. Qf3 Qc7 43. h4 Kh8 44. Nf6 Bf7 45. Kg2 Nd7 46. Ng4 Qb8 47. Nh6
Be8 48. Ng4 Be7 49. Rh1 Bd6 50. Rhf1 Be7 51. Qg3 Bd6 1/2-1/2

[Event "SR 1. liga zapad 2015/2016"]
[Site "?"]
[Date "2016.02.21"]
[Round "9.2"]
[White "Hlavina, Lubomir Ml"]
[Black "Drtina, Milan"]
[Result "0-1"]
[WhiteElo "2007"]
[BlackElo "2159"]
[PlyCount "58"]
[EventDate "2015.??.??"]

1. e4 e5 2. Bc4 Nc6 3. Nf3 Be7 4. O-O Nf6 5. d3 O-O 6. Nc3 d6 7. h3 Na5 8. Bb3
Nxb3 9. axb3 c5 10. Nh2 d5 11. exd5 Nxd5 12. Re1 Nxc3 13. bxc3 Bd6 14. Nf3 Qc7
15. Nd2 b6 16. Nc4 Bb7 17. Nxd6 Qxd6 18. Bb2 Rfe8 19. Ra4 Bc6 20. Rh4 Re6 21.
c4 Rae8 22. Qa1 Rg6 23. Rg4 h5 24. Rxg6 Qxg6 25. g3 Qf5 26. Re4 Bxe4 27. dxe4
Qxe4 28. Qxa7 Rd8 29. Qa1 Qxc2 0-1

[Event "SR 1. liga zapad 2015/2016"]
[Site "?"]
[Date "2016.02.21"]
[Round "9.2"]
[White "Nicolini, Alexander"]
[Black "Szakall, Alexander"]
[Result "1-0"]
[WhiteElo "2154"]
[BlackElo "1935"]
[PlyCount "135"]
[EventDate "2015.??.??"]

1. e4 c5 2. Nf3 Nc6 3. c3 d6 4. d4 cxd4 5. cxd4 Bd7 6. Nc3 Nf6 7. Bg5 Ng8 8.
Qd2 h6 9. Be3 e6 10. Bd3 Be7 11. Rc1 a6 12. O-O Nf6 13. Bb1 Qa5 14. h3 Rd8 15.
Rfd1 b5 16. b3 Nh7 17. d5 Ne5 18. Nd4 b4 19. dxe6 fxe6 20. Nce2 O-O 21. f4 Nf7
22. Nc6 Bxc6 23. Rxc6 Rc8 24. Rdc1 Rxc6 25. Rxc6 Nd8 26. Rc8 Nf6 27. Nd4 d5 28.
e5 Ne4 29. Qd3 Bc5 30. Ra8 Bxd4 31. Bxd4 Qa3 32. Qe3 Nc6 33. Rxf8+ Kxf8 34.
Bc5+ Kf7 35. Bxe4 dxe4 36. Qd2 Ne7 37. Bxe7 Kxe7 38. Qd6+ Kf7 39. Qd7+ Kf8 40.
Qc8+ Kf7 41. Qb7+ Kf8 42. Qxe4 Qc1+ 43. Kh2 a5 44. f5 exf5 45. Qxf5+ Ke7 46.
Qg4 g5 47. Qf5 Qf4+ 48. Qxf4 gxf4 49. g3 f3 50. g4 Ke6 51. Kg3 Kxe5 52. Kxf3
Kd4 53. h4 Kc3 54. g5 hxg5 55. hxg5 Kb2 56. g6 Kxa2 57. g7 Kxb3 58. g8=Q+ Ka3
59. Qc4 a4 60. Qc1+ Ka2 61. Qc2+ Ka3 62. Ke2 b3 63. Qb1 b2 64. Kd2 Kb3 65. Qd1+
Kb4 66. Kc2 a3 67. Kb1 Kc3 68. Qc2+ 1-0

[Event "SR 1. liga zapad 2015/2016"]
[Site "?"]
[Date "2016.02.21"]
[Round "9.2"]
[White "Hrstka, Samuel"]
[Black "Puchart, Vladimir"]
[Result "1-0"]
[WhiteElo "1888"]
[BlackElo "2034"]
[PlyCount "53"]
[EventDate "2015.??.??"]

1. e4 c5 2. Nf3 d6 3. d4 cxd4 4. Nxd4 Nf6 5. Nc3 a6 6. Be3 e5 7. Nb3 Be7 8. f3
Be6 9. Qd2 Nbd7 10. O-O-O Rc8 11. Kb1 O-O 12. g4 Nb6 13. h4 Nfd7 14. g5 Nc4 15.
Bxc4 Bxc4 16. h5 b5 17. Rdg1 a5 18. g6 b4 19. Nd5 a4 20. Bh6 axb3 21. gxh7+
Kxh7 22. Bxg7 bxc2+ 23. Kc1 Bg5 24. Rxg5 Nc5 25. Nf6+ Qxf6 26. Bxf6 Bxa2 27.
Rg7+ 1-0

[Event "SR 1. liga zapad 2015/2016"]
[Site "?"]
[Date "2016.02.21"]
[Round "9.3"]
[White "Dobrotka, Martin"]
[Black "Havlicek, Libor Ml"]
[Result "0-1"]
[WhiteElo "2187"]
[BlackElo "2266"]
[PlyCount "106"]
[EventDate "2015.??.??"]

1. d4 Nf6 2. Nf3 e6 3. c4 c5 4. Nc3 cxd4 5. Nxd4 d6 6. e4 Be7 7. Be2 O-O 8. O-O
a6 9. Be3 Bd7 10. f4 Nc6 11. Bf3 Rc8 12. Rc1 Nxd4 13. Qxd4 b5 14. cxb5 axb5 15.
Qd3 b4 16. Nb5 Rxc1 17. Rxc1 Qb8 18. Nd4 Rc8 19. Rxc8+ Qxc8 20. Qb3 e5 21. Ne2
Ng4 22. Bb6 Qb7 23. Qxb4 d5 24. Qa5 dxe4 25. Bxg4 Bxg4 26. Nc3 exf4 27. Nd5 Bd6
28. Bc7 Bf8 29. Nxf4 Qxb2 30. h3 Bd7 31. Be5 Qc1+ 32. Kh2 Qc5 33. Qc3 Qxc3 34.
Bxc3 Bd6 35. g3 Bb5 36. h4 Ba3 37. Nh5 f6 38. Bxf6 gxf6 39. Nxf6+ Kg7 40. Nxe4
Bc4 41. g4 Bxa2 42. Kh3 Bd5 43. Ng3 Be6 44. Nh5+ Kf7 45. Ng3 Bc1 46. h5 Bf4 47.
Nf5 Kf6 48. Nd4 Bd5 49. Kh4 Be3 50. Nf5 Bf2+ 51. Kh3 Kg5 52. Ng7 Be1 53. Nf5
Bf3 0-1

[Event "SR 1. liga zapad 2015/2016"]
[Site "?"]
[Date "2016.02.21"]
[Round "9.3"]
[White "Bezuch, Martin"]
[Black "Hanko, Pavol"]
[Result "1-0"]
[WhiteElo "2250"]
[BlackElo "2145"]
[PlyCount "43"]
[EventDate "2015.??.??"]

1. g3 Nf6 2. Bg2 g6 3. c4 Bg7 4. Nc3 O-O 5. Nf3 Nc6 6. O-O d6 7. d3 e5 8. Rb1
Nd4 9. b4 c6 10. a4 Nxf3+ 11. Bxf3 d5 12. b5 Bf5 13. bxc6 bxc6 14. cxd5 Nxd5
15. Bd2 Re8 16. Qc2 Qd7 17. Ne4 Bh3 18. Rfc1 Rec8 19. Qc4 h5 20. Qa6 f5 21. Rb7
Qe6 22. Ng5 1-0

[Event "SR 1. liga zapad 2015/2016"]
[Site "?"]
[Date "2016.02.21"]
[Round "9.3"]
[White "Kaniansky, Miroslav"]
[Black "Dolnak, Michal"]
[Result "1/2-1/2"]
[WhiteElo "2183"]
[BlackElo "2214"]
[PlyCount "83"]
[EventDate "2015.??.??"]

1. d4 Nf6 2. Nf3 e6 3. g3 b6 4. Bg2 Bb7 5. O-O c5 6. c4 cxd4 7. Nxd4 Bxg2 8.
Kxg2 a6 9. Nc3 Be7 10. e4 d6 11. Be3 O-O 12. Rc1 Qc7 13. f3 Nbd7 14. Qd2 Qb7
15. Rfd1 Rab8 16. Qf2 Rfc8 17. b3 h6 18. g4 Ne5 19. Qg3 Ng6 20. Qf2 Nd7 21. Qd2
Bf8 22. Bf2 Rd8 23. Bg3 Rbc8 24. h4 Be7 25. Kh3 Nc5 26. Qe3 Ne5 27. f4 Nc6 28.
Nf3 Bf6 29. e5 dxe5 30. fxe5 Be7 31. Rxd8+ Rxd8 32. Rd1 Rxd1 33. Nxd1 Qd7 34.
Nf2 Nb4 35. Nd4 Nc6 36. Nxc6 Qxc6 37. Bf4 a5 38. g5 h5 39. Kg3 Qd7 40. Qd2 Qc6
41. Qd4 Qb7 42. Be3 1/2-1/2

[Event "SR 1. liga zapad 2015/2016"]
[Site "?"]
[Date "2016.02.21"]
[Round "9.3"]
[White "Hacik, Radomir"]
[Black "Huba, Martin"]
[Result "1-0"]
[WhiteElo "2190"]
[BlackElo "2142"]
[PlyCount "103"]
[EventDate "2015.??.??"]

1. e4 Nf6 2. e5 Nd5 3. d4 d6 4. c4 Nb6 5. exd6 exd6 6. Nf3 Bg4 7. Be2 Be7 8.
O-O O-O 9. Be3 N8d7 10. Qc2 Nf6 11. Nbd2 c6 12. Rfe1 Nbd7 13. Rad1 d5 14. c5
Re8 15. b4 Nf8 16. a4 Qc8 17. b5 Bd8 18. Nb3 Bc7 19. Ra1 Ne4 20. a5 Qf5 21. b6
axb6 22. axb6 Rxa1 23. Rxa1 Bb8 24. Nbd2 Qh5 25. Nf1 Re6 26. Ra8 Re8 27. Ng3
Nxg3 28. hxg3 f5 29. Kf1 Nd7 30. Ng1 Nf6 31. f3 Qh2 32. fxg4 Qxg3 33. Bf2 Qh2
34. Qxf5 Ne4 35. Qh5 Qxh5 36. gxh5 Nxf2 37. Kxf2 Bg3+ 38. Kxg3 Rxa8 39. Bg4 Kf7
40. Kf4 Kf6 41. Nf3 Re8 42. Ne5 g5+ 43. hxg6 hxg6 44. Nd7+ Kg7 45. Bf3 Re7 46.
Ne5 Kf6 47. Ng4+ Kg7 48. Kg5 Rf7 49. Ne5 Rf5+ 50. Kg4 Rf8 51. Kg3 Re8 52. Nxc6
1-0

[Event "SR 1. liga zapad 2015/2016"]
[Site "?"]
[Date "2016.02.21"]
[Round "9.3"]
[White "Detko, Jan"]
[Black "Sosovicka, Juraj"]
[Result "1/2-1/2"]
[WhiteElo "2185"]
[BlackElo "2208"]
[PlyCount "36"]
[EventDate "2015.??.??"]

1. e4 e5 2. Nc3 Nf6 3. Bc4 Nc6 4. d3 Na5 5. Nge2 Nxc4 6. dxc4 Bc5 7. h3 d6 8.
Qd3 Be6 9. b3 c6 10. Be3 Qc7 11. Bxc5 dxc5 12. O-O-O O-O 13. Qd6 Qxd6 14. Rxd6
Rfd8 15. Rhd1 Rxd6 16. Rxd6 Kf8 17. a4 Ke7 18. Rd1 Rd8 1/2-1/2

[Event "SR 1. liga zapad 2015/2016"]
[Site "?"]
[Date "2016.02.21"]
[Round "9.3"]
[White "Castiglione, Mario"]
[Black "Reisel, Frantisek"]
[Result "1-0"]
[WhiteElo "2213"]
[BlackElo "2040"]
[PlyCount "69"]
[EventDate "2015.??.??"]

1. c4 e5 2. Nf3 Nc6 3. Nc3 d6 4. d4 exd4 5. Nxd4 Nxd4 6. Qxd4 Nf6 7. Nd5 Nxd5
8. cxd5 c5 9. Qc3 b5 10. e4 a6 11. h4 Qe7 12. Bd3 f6 13. Bf4 Bb7 14. O-O g6 15.
b4 c4 16. Bc2 Bg7 17. Qg3 Kd7 18. a4 Rhd8 19. Ra3 Bf8 20. Re1 Kc7 21. Qe3 Rdb8
22. axb5 axb5 23. Rxa8 Rxa8 24. Qc5+ Kd8 25. Qxb5 Qc7 26. Be3 Ba6 27. Qb6 Kc8
28. Qd4 Bg7 29. h5 Bb5 30. h6 Bh8 31. Ra1 Rb8 32. Bg5 Qe7 33. Ra7 Qxa7 34. Qxa7
Rb7 35. Qd4 1-0

[Event "SR 1. liga zapad 2015/2016"]
[Site "?"]
[Date "2016.02.21"]
[Round "9.3"]
[White "Gunis, Juraj"]
[Black "Kovac, Andrej"]
[Result "0-1"]
[WhiteElo "2037"]
[BlackElo "2185"]
[PlyCount "64"]
[EventDate "2015.??.??"]

1. Nf3 Nf6 2. c4 d6 3. d4 g6 4. Nc3 Bg7 5. e4 O-O 6. Be2 e5 7. O-O Nc6 8. d5
Ne7 9. Ne1 Ne8 10. Be3 f5 11. f3 f4 12. Bf2 g5 13. c5 Rf7 14. b4 Bf8 15. a4 Rg7
16. a5 Ng6 17. Na4 h5 18. h3 Nf6 19. Nc3 Nh8 20. Nd3 g4 21. hxg4 hxg4 22. fxg4
Nxg4 23. Bf3 Be7 24. cxd6 cxd6 25. Re1 Bh4 26. Kf1 Bxf2 27. Nxf2 Ne3+ 28. Rxe3
fxe3 29. Nd3 Ng6 30. Qe2 Qg5 31. Re1 Nh4 32. Qxe3 Nxf3 0-1

[Event "SR 1. liga zapad 2015/2016"]
[Site "?"]
[Date "2016.02.21"]
[Round "9.3"]
[White "Breja, Stanislav"]
[Black "Cabala, Nathan"]
[Result "1/2-1/2"]
[WhiteElo "1989"]
[BlackElo "1833"]
[PlyCount "66"]
[EventDate "2015.??.??"]

1. e4 c5 2. c3 d5 3. exd5 Qxd5 4. d4 cxd4 5. cxd4 Nc6 6. Nf3 Bg4 7. Be2 e6 8.
O-O Nf6 9. Nc3 Qd7 10. Be3 Be7 11. Re1 O-O 12. Ne5 Nxe5 13. dxe5 Bxe2 14. Qxe2
Nd5 15. Rad1 Rfd8 16. Nxd5 exd5 17. Bd4 Qe6 18. Rd3 Rd7 19. f4 Rc7 20. Qf3 Bc5
21. f5 Bxd4+ 22. Rxd4 Qb6 23. Qxd5 Rc2 24. e6 Rd2 25. exf7+ Kf8 26. Re8+ Rxe8
27. fxe8=Q+ Kxe8 28. Qg8+ Ke7 29. Qxg7+ Ke8 30. Qg8+ Ke7 31. Qxh7+ Kf8 32. Qh8+
Kf7 33. Qh5+ Kf8 1/2-1/2

[Event "SR 1. liga zapad 2015/2016"]
[Site "?"]
[Date "2016.02.21"]
[Round "9.4"]
[White "Sipos, Istvan"]
[Black "Zetocha, Claudiu"]
[Result "1/2-1/2"]
[WhiteElo "2473"]
[BlackElo "2326"]
[PlyCount "141"]
[EventDate "2015.??.??"]

1. c4 c5 2. Nc3 Nf6 3. g3 b6 4. Bg2 Nc6 5. e3 Bb7 6. d4 cxd4 7. exd4 Na5 8.
Bxb7 Nxb7 9. Bg5 e6 10. Qf3 Na5 11. Bxf6 gxf6 12. b3 f5 13. Nge2 Bg7 14. Rd1
Nc6 15. g4 fxg4 16. Qxg4 Kf8 17. Rg1 Rg8 18. Qh5 h6 19. Rd3 Ne7 20. Rf3 Nf5 21.
Nd5 b5 22. Ne3 bxc4 23. Nxf5 exf5 24. Qxf5 Qe7 25. Rg4 cxb3 26. axb3 Qe6 27.
Qc5+ d6 28. Qc7 Bf6 29. Rgf4 Rg1+ 30. Kd2 Rg6 31. Qb7 Re8 32. Re3 Qc8 33. Qxa7
Qc6 34. Rxe8+ Qxe8 35. h4 Bg7 36. Qb7 Re6 37. Ng3 h5 38. Re4 Rxe4 39. Nxe4 Bxd4
40. Nxd6 Qe6 41. Qb4 Be5 42. Nc4+ Kg8 43. Nxe5 Qxe5 44. Qc4 Qb2+ 45. Ke1 Qa1+
46. Ke2 Qb2+ 47. Kf3 Qf6+ 48. Qf4 Qc3+ 49. Qe3 Qb4 50. Kg2 Kf8 51. Qh6+ Kg8 52.
Qg5+ Kf8 53. Qxh5 Qxb3 54. Qh8+ Ke7 55. Qe5+ Kf8 56. h5 Qd1 57. Qg5 Qd3 58. h6
Qe4+ 59. Kh2 Qd4 60. Kg3 Qd3+ 61. f3 Qd6+ 62. Kh3 Qd1 63. Qg7+ Ke7 64. Qe5+ Kf8
65. Qb8+ Ke7 66. Qb4+ Kf6 67. Qc3+ Kf5 68. Qe3 Qh1+ 69. Kg3 Kg6 70. Qe4+ Kxh6
71. Qh4+ 1/2-1/2

[Event "SR 1. liga zapad 2015/2016"]
[Site "?"]
[Date "2016.02.21"]
[Round "9.4"]
[White "Janos, Martin"]
[Black "Berczes, Csaba"]
[Result "0-1"]
[WhiteElo "2258"]
[BlackElo "2353"]
[PlyCount "126"]
[EventDate "2015.??.??"]

1. e4 d6 2. d4 Nf6 3. Nc3 Nc6 4. h3 e5 5. Nf3 a6 6. Be3 Qe7 7. d5 Nd8 8. a4 g6
9. Qd2 Bg7 10. Bd3 Ng8 11. Be2 f5 12. Qd3 Nf6 13. Qc4 Nf7 14. O-O-O Bh6 15.
Bxh6 Nxh6 16. Ng5 O-O 17. Kb1 Kg7 18. Rhe1 Ne8 19. Nf3 f4 20. Rd3 Nf7 21. Nd2
h5 22. Rg1 Rh8 23. Qb3 Kf8 24. Nc4 Nf6 25. Na5 Nd8 26. g3 g5 27. h4 gxh4 28.
gxf4 exf4 29. Rf3 Rg8 30. Rxg8+ Kxg8 31. Rxf4 Ng4 32. Nd1 Qg5 33. Qf3 Ne5 34.
Qe3 Ndf7 35. Nc4 Ng6 36. Rf3 Bg4 37. Qb3 Bxf3 38. Bxf3 b6 39. Nde3 Nfe5 40.
Nxe5 Nxe5 41. Bg2 Rf8 42. Bh3 Ng4 43. Qc3 Qg7 44. Qd3 Rf3 45. Bxg4 hxg4 46.
Qxa6 Rf8 47. Nf5 Qg5 48. Qe2 h3 49. Ng3 h2 50. Ka2 Rf3 51. Nh1 Qe5 52. Qc4 Rf7
53. Qe2 Qf4 54. Ng3 Qf3 55. Qd2 Qxg3 56. Qg5+ Rg7 57. Qd8+ Kh7 58. fxg3 h1=Q
59. Qe8 Qh6 60. Qd8 Qg5 61. Qe8 Qg6 62. Qc6 Qxe4 63. c4 Qe5 0-1

[Event "SR 1. liga zapad 2015/2016"]
[Site "?"]
[Date "2016.02.21"]
[Round "9.4"]
[White "Farkas, Gabor"]
[Black "Ac, Michal"]
[Result "1-0"]
[WhiteElo "2405"]
[BlackElo "2159"]
[PlyCount "105"]
[EventDate "2015.??.??"]

1. d4 Nf6 2. c4 g6 3. Nc3 Bg7 4. e4 d6 5. Be2 O-O 6. Bg5 c6 7. Qd2 Qb6 8. Nf3
Bg4 9. O-O Nbd7 10. Rab1 e5 11. d5 Bxf3 12. Bxf3 c5 13. a3 Rfc8 14. Bd1 Qd8 15.
Bg4 Bh6 16. Bxh6 Nxg4 17. Bg5 f6 18. Bh4 g5 19. f3 Nh6 20. Rfc1 Nf7 21. Bf2 Nf8
22. Ne2 Ng6 23. b4 b6 24. bxc5 dxc5 25. a4 Nd6 26. a5 Rab8 27. Qa2 Qc7 28. Qa3
Nf8 29. axb6 Rxb6 30. Rxb6 Qxb6 31. h4 a5 32. Be1 Ra8 33. hxg5 fxg5 34. Qa2 a4
35. Bg3 Nd7 36. Qa1 Nf7 37. Nc3 Qb3 38. Nb5 a3 39. Qb1 Qe3+ 40. Bf2 Qe2 41. Nc3
Qxc4 42. Qb7 Rd8 43. Qa7 Qb4 44. Nb1 g4 45. Qxa3 gxf3 46. Qxf3 Ng5 47. Qg3 h6
48. Be3 Nf6 49. Nd2 Qa3 50. Rf1 Ng4 51. Nc4 Qd3 52. Qxg4 Qxe4 53. Qh5 1-0

[Event "SR 1. liga zapad 2015/2016"]
[Site "?"]
[Date "2016.02.21"]
[Round "9.4"]
[White "Janos, Jozef"]
[Black "Janko, Michal"]
[Result "1/2-1/2"]
[WhiteElo "2120"]
[BlackElo "2260"]
[PlyCount "31"]
[EventDate "2015.??.??"]

1. d4 g6 2. e4 Bg7 3. Nf3 d6 4. Nc3 a6 5. a4 b6 6. Be3 Bb7 7. Bd3 e6 8. O-O Ne7
9. Qd2 h6 10. Rfe1 Nd7 11. h3 Kf8 12. Bc4 Kg8 13. Rad1 Kh7 14. Qe2 Qb8 15. h4
Rf8 16. h5 1/2-1/2